00682nam a2200241 a 4500001001300000003000900013005001700022008004100039020001000080082001600090100001900106245002400125260003400149300000800183500003500191505002200226650002700248700001900275902000800294942000700302952011600309999001500425nice12345678IN_TiNIC20260116011532.0050524s0000 siaa grp 000 0 urd  ac10000a232.9bKHA1 aKhan, Barkat A aSalamti Ka Shahzada aSialkotebBarkat a Khanc0000 a64p aincludes index and biblioraphy2 aill, bibliography aJesus Christ-Biography1 aKhan, Barkat A bSRS cBK 001040708StackRoom-aHMIbHMId2007-06-18g100.00l0o232.9 KHA1p03516r2007-06-18v100.00w2005-05-24yBK c2413d2413